| 000 | 00422cam a22001337a 4500 | ||
|---|---|---|---|
| 008 | 180718b1979 xxu||||| |||| 00| 0 eng d | ||
| 082 | _aF5x54 In2g/f | ||
| 100 | _aIndia. Grover Commission of Inquiry | ||
| 245 | _aThe Grover Commission of Inquiry: second (final) report | ||
| 260 |
_aDelhi _bThe Controller of Publications _c1979 |
||
| 300 | _a396+p. | ||
| 500 | _aChairman: A.N. Grover | ||
| 700 | _aGrover, A.N., Chairman | ||
| 999 |
_c489226 _d489226 |
||